Estadísticas para XI de cada seleccion del Mundial 2018

Haz click aquí para intentar la prueba.

Estadísticas generales

  • Esta prueba ha sido intentada 103 veces
  • La puntuación promedio es 101 de 352

Estadísticas de respuestas

N°.Rusia% Correcto
7Cristiano Ronaldo
91%
1David de Gea
91%
10Kylian Mbappe
91%
10Lionel Messi
91%
15Sergio Ramos
91%
3Gerard Pique
89%
9Luis Suarez
89%
15Cristian Ramos
88%
1Hugo Lloris
88%
10Neymar
88%
7Antoine Griezmann
86%
18Jordi Alba
86%
18Moon Seon-min
86%
6Paul Pogba
86%
5Sergio Busquets
86%
2Thiago Silva
86%
1Fernando Muslera
84%
10Luka Modric
84%
3Pepe
84%
1Alisson
82%
21Lucas Hernandez
82%
10Mohamed Salah
82%
13N'Golo Kante
82%
9Olivier Giroud
82%
4Raphael Varane
82%
11Angel Di Maria
81%
11Bernardo Silva
81%
23Adrien Silva
79%
2Benjamin Pavard
79%
21David Silva
79%
14Javier Hernandez
79%
3Diego Godin
77%
9Harry Kane
77%
2Jose Maria Gimenez
77%
9Romelu Lukaku
77%
10Eden Hazard
75%
13Guillermo Ochoa
75%
7Ivan Rakitic
75%
1Keylor Navas
75%
1Manuel Neuer
75%
1Thibaut Courtois
75%
1Jordan Pickford
74%
5Samuel Umtiti
74%
19Diego Costa
72%
1Rui Patricio
72%
10Christian Eriksen
68%
12Franco Armani
68%
7Kevin De Bruyne
68%
12Marcelo
68%
1Yann Sommer
68%
2Achraf Hakimi
67%
14Blaise Matuidi
67%
4Ivan Perisic
67%
17Mario Mandzukic
67%
10Sadio Mane
67%
9Gabriel Jesus
65%
7Heung-min Son
65%
8Koke
65%
13Ricardo Rodriguez
65%
14Javier Mascherano
63%
21Jose Luis Rodriguez
63%
16Marcos Rojo
63%
17Nicolas Otamendi
63%
9Radamel Falcao
63%
9Robert Lewandowski
63%
8Toni Kroos
63%
22Isco
61%
1David Ospina
60%
5Jan Vertonghen
60%
22Martin Caceres
60%
5Mats Hummels
60%
4Nacho
60%
3Nicolas Tagliafico
60%
1Kasper Schmeichel
58%
21Domagoj Vida
54%
6Harry Maguire
54%
2Mario Fernandes
54%
10Raheem Sterling
54%
6Dejan Lovren
53%
10Granit Xhaka
53%
7Hakim Ziyech
53%
18Andres Guardado
51%
6Axel Witsel
51%
23Danijel Subasic
51%
22Hirving Lozano
51%
10Mesut Ozil
51%
4Simon Kjaer
51%
23Xherdan Shaqiri
51%
2Gabriel Mercado
49%
12Joel Campbell
49%
18Joshua Kimmich
49%
5John Stones
47%
20Marco Asensio
47%
9Paolo Guerrero
47%
23Davinson Sanchez
46%
4Manuel da Costa
46%
11Philippe Coutinho
46%
13Yerry Mina
46%
7Ahmed Musa
44%
6Carlos Sanchez
44%
11Juan Cuadrado
44%
6Rodrigo Bentancur
44%
20Sergej Milinkovic-Savic
44%
2Toby Alderweireld
44%
15Enzo Perez
42%
6Jose Fonte
42%
6Sami Khedira
42%
9Timo Werner
42%
4Vincent Kompany
42%
7Ever Banega
40%
17Fernandinho
40%
11Marcos Reus
40%
1Pedro Gallese
40%
6Salif Sane
40%
10Bryan Ruiz
39%
16Nordin Amrabat
39%
20Yussuf Poulsen
39%
17Aleksandr Golovin
37%
8Cristian Cueva
37%
6Denis Cheryshev
37%
3Kalidou Koulibaly
37%
4Rafael Marquez
37%
15Ricardo Pereira
37%
22Cristian Pavon
35%
17Luis Advincula
35%
5Rapahel Guerreiro
35%
15Thomas Meunier
35%
16Hector Herrera
33%
20Juan Fernando Quintero
33%
11Marcelo Brozovic
33%
17Mohamed Elneny
33%
15Paulinho
33%
6Andreas Christensen
32%
3Jonas Hector
32%
14Lucas Torreira
32%
15Niklas Sule
32%
9Aleksandar Mitrovic
30%
22Artem Dzyuba
30%
12Kieran Trippier
30%
1Mathew Ryan
30%
8Nahitan Nandez
30%
14William Carvalho
30%
11Carlos Vela
28%
10Dusan Tadic
28%
10Emil Forsberg
28%
10Joao Mario
28%
5Manuel Akanji
28%
17Mehdi Taremi
28%
22Nacer Chadli
28%
13Renato Tapia
28%
1Robin Olsen
28%
2Ali Gabr
26%
17Diego Laxalt
26%
17Yuri Tielemans
26%
6Gabriel Gomez
25%
9Gabriel Torres
25%
10John Obi Mikel
25%
15Matias Vecino
25%
5Roman Torres
25%
2Sime Vrsaljko
25%
19Willian
25%
13Aaron Mooy
23%
5Celso Borges
23%
17Filip Kostic
23%
11Martin Braithwaite
23%
18Salem Al-Dawsari
23%
21Trezeguet
23%
18Andre Carrillo
21%
18Ante Rebic
21%
11Cristian Stuani
21%
4Eric Dier
21%
15Kamil Glik
21%
21Nemanja Matic
21%
11Victor Moses
21%
5Yuto Nagatomo
21%
3Miranda
19%
19Piotr Zielinski
19%
6Romain Saiss
19%
20Sardar Azmoun
19%
4Andreas Granqvist
18%
21Edson Alvarez
18%
14Leon Goretzka
18%
8Thomas Delaney
18%
19Yoshimar Yotun
18%
3Danny Rose
16%
15Jung Woo-young
16%
2Lee Young
16%
6Ludwig Augustinsson
16%
15Mile Jedinak
16%
10Shinji Kagawa
16%
10Wahbi Khazri
16%
20Edison Flores
14%
6Miguel Trauco
14%
3Victor Lindelof
14%
4Wilfred Ndidi
14%
11Aleksandar Kolarov
12%
11Alfred Finnbogasson
12%
3Carlos Salcedo
12%
17Goncalo Guedes
12%
18Ismaila Sarr
12%
14Kelechi Iheanacho
12%
9Marcus Berg
12%
7Mathew Leckie
12%
15Nikola Milenkovic
12%
2Santiago Arias
12%
14Takashi Inui
12%
22Fagner
11%
10Gylfi Sigurosson
11%
5Idrissa Gueye
11%
3Ivan Strinic
11%
6Ragnar Sigurosson
11%
8Birkir Bjarnason
9%
1Eiji Kawashima
9%
3Giancarlo Gonzalez
9%
10Grzegorz Krychowiak
9%
1Igor Ankifeev
9%
17Johan Mojica
9%
16Phil Jones
9%
7Salman Al-Faraj
9%
7Sebastian Larsson
9%
6Ahmed Hegazi
7%
23Jesus Gallardo
7%
13Mathias Jorgensen
7%
20Ola Toivonen
7%
14Steven Zuber
7%
22Adem Ljajic
5%
8Albin Ekdal
5%
1Alireza Beiranvand
5%
4Anderson Santamaria
5%
17Aron Gunnarsson
5%
15Blerim Dzemaili
5%
8Bryan Oviedo
5%
8Cheikhou Kouyate
5%
16Cristian Gamboa
5%
1Essam El Hadary
5%
7Gaku Shibasaki
5%
1Hannes Halldorsson
5%
2Hugo Ayala
5%
3Ilya Kutepov
5%
22Kenneth Omeruo
5%
13Khalid Boutaib
5%
6Leon Balogun
5%
22Lukasz Fabianski
5%
22Maya Yoshida
5%
10Robbie Kruse
5%
21Ruben Loftus-Cheek
5%
4Sergei Ignashevich
5%
1Vladimir Stojkovic
5%
5William Troost-Ekong
5%
5Wilmar Barrios
5%
7Ahmed Fathy
4%
18Alireza Jahanbakhsh
4%
21Andreas Cornelius
4%
16Aziz Behich
4%
16Emil Krafth
4%
19Hiroki Sakai
4%
20Jang Hyun-soo
4%
16Jefferson Lerma
4%
20Johan Djourou
4%
7Johann Gudmundsson
4%
23Jo Hyeon-woo
4%
17Makoto Hasebe
4%
14Mbark Boussoufa
4%
6Michael Lang
4%
13Mohamed Abdel Shafy
4%
23Motaz Hawsawi
4%
12Munir Mohamedi
4%
17Nabil Dirar
4%
8Oghenekaro Etebo
4%
3Osama Hawsawi
4%
11Roman Zobnin
4%
8Tarek Hamed
4%
9Tomi Juric
4%
23Tom Rogic
4%
11Vahid Amiri
4%
11Valon Behrami
4%
17Viktor Claesson
4%
10Younes Belhanda
4%
12Youssouf Sabaly
4%
19Abdallah Said
2%
14Abdullah Otayf
2%
13Adolfo Machado
2%
19Aleksandr Samedov
2%
20Anibal Godoy
2%
2Antonio Rukavina
2%
2Birkir Saevarsson
2%
2Brian Idowu
2%
7Daler Kuzyayev
2%
9Daniel Colindres
2%
20David Guzman
2%
8Edgar Barcenas
2%
3Ehsan Hajsafi
2%
20Emil Hallfreosson
2%
17Fabian Delph
2%
19Fahad Al-Muwallad
2%
8Fakhreddine Ben Youssef
2%
23Francis Uzoho
2%
13Fyodor Kudryashov
2%
9Hattan Bahebri
2%
14Henrik Dalsgaard
2%
14Hong Chul
2%
18Horour Magnusson
2%
16Housain Al-Mogahwi
2%
5Jan Bednarek
2%
2Jhonny Acosta
2%
5Jonas Knudsen
2%
19Josh Risdon
2%
19Josip Drmic
2%
11Kamil Grosicki
2%
14Kari Arnason
2%
8Karim El Ahmadi
2%
20Keita Balde
2%
19Kendall Watson
2%
19Majid Hosseini
2%
5Mark Milligan
2%
9Marwan Mohsen
2%
13Milos Veljkovic
2%
6Mohammed Al-Breik
2%
8Morteza Pouraliganji
2%
9Omid Ebrahimi
2%
21Rafal Kurzawa
2%
13Ramin Rezaeian
2%
6Saeid Ezatolahi
2%
20Trent Sainsbury
2%
21Yasser Al-Mosailem
2%
13Yasser Al-Shahrani
2%
3Artur Jedrzejczyk
0%
16Aymen Mathlouthi
0%
18Bartosz Bereszynski
0%
17Ellyes Skhiri
0%
13Ferjani Sassi
0%
4Fidel Escobar
0%
8Genki Haraguchi
0%
3Gen Shoji
0%
20Ghailene Chaalali
0%
21Hamdi Nagguez
0%
6Jacek Goralski
0%
1Jaime Penedo
0%
16Khadim N'Diaye
0%
19Kim Young-gwon
0%
13Koo Ja-cheol
0%
21Lamine Gassama
0%
17Lee Jae-sung
0%
17Luis Ovalle
0%
19M'Baye Niang
0%
23Naim Sliti
0%
5Oussama Haddadi
0%
6Rami Bedoui
0%
19Ricardo Avila
0%
4Yessine Meriah
0%
5Yun Young-sun
0%
15Yuya Osako
0%

Distribución de puntuación

Porcentaje por número respondido

Porcentaje de gente con cada puntuación

Historial de tus puntuaciones

No has intentado esta prueba.